Introduction To Computers: (Record no. 187741)

MARC details
000 -LEADER
fixed length control field 00670nam a22001817a 4500
005 - DATE AND TIME OF LATEST TRANSACTION
control field 20220428131311.0
010 ## - LCCN (DPL NO)
LC control number ENG-132444
020 ## - INTERNATIONAL STANDARD BOOK NUMBER
Terms of availability 295.00
035 ## - SYSTEM CONTROL NUMBER
System control number EN-115976
037 ## - SOURCE OF ACQUISITION
Source of stock number/acquisition DBAD/PUB
082 ## - DEWEY DECIMAL CLASSIFICATION NUMBER
Classification number 610.730285
100 ## - MAIN ENTRY--PERSONAL NAME
Personal name Charani, Durgi
245 ## - TITLE STATEMENT
Title Introduction To Computers:
Remainder of title For First Year B.Sc. Nursing/
Statement of responsibility, etc Durgi Charani
260 ## - PUBLICATION, DISTRIBUTION, ETC. (IMPRINT)
Place of publication, distribution, etc Vijayawada
Name of publisher, distributor, etc Vijayam Publications
Date of publication, distribution, etc 2019
270 ## - ADDRESS
Address 28-2-28, Ramamandiram St., Governerpet, Eluru Road, Andhra Pradesh,
City Vijayawada
Postal code 517502
Telephone number 0866-2432445, 888541400, 8885414666
Fax number 2432445/6
Electronic mail address vijayampublications_vja@yahoo.com
300 ## - PHYSICAL DESCRIPTION
Extent Vp.
Dimensions 24cm(pbk)
942 ## - ADDED ENTRY ELEMENTS (KOHA)
Source of classification or shelving scheme Dewey Decimal Classification
Item type English Books
Classification part 610.730285
Call number suffix CHA
Holdings
Withdrawn status Lost status Not for loan Collection code Home library Current library Date acquired Source of acquisition Cost, normal purchase price Full call number Barcode Copy number Cost, replacement price Koha item type
      Non-fiction Ashok Vihar Ashok Vihar 28/04/2022 DBAD/PUB 295.00 610.730285 CHA EN-115976 1 295.00 English Books

© Delhi Public Library
Hit Counter
free hit counter